000 00443nam a2200121Ia 4500
008 231221s9999 xx 000 0 und d
041 _aEnglish
082 _aQPBTUG08-2107
245 0 _aImmunology [e resource : question paper] : Fifth sem BE degree exam, Jun/Jul 08 (BT54)
260 _c2008/07
_bVTU
_aBangalore
650 _aImmunology,[electronic,paper],Fifth,B.E.,degree,examination,,Jun/Jul,2008,(BT54),M.Sc.,Biotechnology
942 _cDL
999 _c208952
_d208952